| 000 | 00608cam a22002293a 4500 | ||
|---|---|---|---|
| 001 | 25346 | ||
| 003 | PGUSA | ||
| 005 | 20140828083538.0 | ||
| 008 | 080506s2008||||xxu|||||s|||||000 | eng d | ||
| 040 |
_aPGUSA _beng |
||
| 042 | _adc | ||
| 050 | 4 | _aPL | |
| 100 | 1 |
_aLu, Xun, _d1881-1936 |
|
| 245 | 1 | 0 |
_a南腔北調集 _h[electronic resource] / _cXun Lu |
| 260 |
_bProject Gutenberg, _c2008 |
||
| 506 | _aPublic domain in the USA. | ||
| 516 | _aElectronic text | ||
| 740 | 0 | _aNan Qiang Bei Diao Ji | |
| 830 | 0 |
_aProject Gutenberg _v25346 |
|
| 856 | 4 | 0 | _uhttp://www.gutenberg.org/ebooks/25346 |
| 942 | _cEB | ||
| 999 |
_c254601 _d254601 |
||